[Event "EU-Cup 13th final"]
[Site "Kazan"]
[Date "1997.12.28"]
[Round "1"]
[White "Anastasian, Ashot"]
[Black "Dreev, Alexey"]
[Result "1-0"]
[WhiteElo "2545"]
[BlackElo "2640"]
[Annotator "Horn,Peter"]
[PlyCount "99"]
[EventDate "1997.12.28"]
[EventType "team-k.o."]
[EventRounds "4"]
[EventCountry "RUS"]
[SourceTitle "EXT 2020"]
[Source "ChessBase"]
[SourceDate "2019.10.17"]
[SourceVersion "1"]
[SourceVersionDate "2019.10.17"]
[SourceQuality "1"]
[WhiteTeam "Yerevan"]
[BlackTeam "Kazan Sberbank-Tatarstan"]
[WhiteTeamCountry "ARM"]
[BlackTeamCountry "RUS"]

1. Nf3 d5 2. g3 Bg4 3. Bg2 Nd7 4. c4 e6 5. cxd5 exd5 6. O-O Ngf6 7. d3 Bc5 8. a3 (8. Nc3 O-O 9. Qb3 Nb6 10. Bg5 Be6 11. Qc2 h6 12. Bf4 c6 13. e4 Nfd7 14. Rad1 Re8 15. h3 Qf6 16. Nh2 a5 $10 {Dizdar,G-Campos,J/Barcelona Vulca/1991}) ({RR} 8. Qc2 O-O 9. h3 Bxf3 10. Bxf3 c6 11. Bg2 Re8 12. a3 a5 13. b3 Qb6 14. e3 Bd6 15. Nc3 Nc5 16. Rb1 Qa6 17. Rd1 d4 18. b4 axb4 19. axb4 Ne6 20. b5 Qa5 21. Ne4 Nxe4 22. dxe4 Bc5 {Bauer,C (2672)-Dreev,A (2694) Belfort 2012 ½-½}) ({RR} 8. e4 dxe4 9. dxe4 O-O 10. Qc2 Bxf3 11. Bxf3 c6 12. Bf4 Re8 13. Nd2 Bd4 14. Nb3 Be5 15. Be3 Qe7 16. Rad1 a5 17. a3 Bc7 18. Nd4 g6 19. Rfe1 Rad8 20. h3 Bb6 21. Bg2 Nxe4 22. Nxc6 bxc6 {Gajewski,G (2547)-Vestby-Ellingsen,M (2401) chess.com INT 2025 1-0 (36)}) 8... a5 $146 ({RR} 8... O-O 9. b4 Bb6 10. Nbd2 a5 11. Bb2 axb4 12. axb4 Qe7 13. Rb1 Ra2 14. Bd4 Bxf3 15. Nxf3 Rxe2 16. Bxb6 Nxb6 17. Nd4 Ra2 18. Re1 Qd7 19. Qf3 Re8 20. Qf4 Raa8 21. Nf5 g6 22. Bh3 Rxe1+ 23. Rxe1 {Seeman,T (2399)-Shirov,A (2710) Tallinn 2012 ½-½ (39)}) 9. Nc3 O-O 10. h3 Bxf3 11. Bxf3 c6 12. Qc2 $146 (12. Bg2 Re8 13. Qc2 Qe7 14. e4 dxe4 15. dxe4 Nf8 16. Kh2 Ne6 17. f4 Nd4 18. Qd1 Red8 19. e5 Nd5 20. Nxd5 cxd5 21. Qd3 $14 {Karlsson,L-Sehner,N/Slupsk/1987}) 12... Qb8 13. Bf4 Qa7 (13... Bd6 14. Bxd6 Qxd6 15. e4 $14 (15. Rad1 $5)) 14. Rad1 {Wei� besetzt erst die d-Linie, bevor er zum geplanten Pe4 schreitet.} (14. e4) 14... Rfe8 (14... d4 $6 {Danach w�ren zwei wertvolle Figuren zu reinen Deckungsfunktionen degradiert.}) 15. e4 dxe4 (15... Bd4 $6 16. exd5 Bxc3 17. bxc3 Nxd5 18. Bc1 $16) 16. dxe4 {Wei� kann mit der Er�ffnung zufrieden sein: er hat das B-Paar und eine Majorit�t im Zentrum. Momentan hat Schwarz diese Majorit�t geb�ndigt; er kann seinem Spiel aber schwer eine Spitze geben und langfristig hat Wei� eben doch Chancen, die P(e4,f2) in Gang zu setzen.} Nf8 17. Kg2 Ng6 (17... Ne6 18. e5 $16) (17... Bd4 18. Ne2 $14) 18. Bg5 Bd4 19. Ne2 Be5 20. Be3 Qb8 21. Kh1 Bc7 22. Bg2 Qc8 23. Nc3 b5 24. Ne2 Ne5 25. Bd4 Nc4 26. Bxf6 gxf6 27. Qc1 $1 (27. b3 $5 Nxa3 28. Qc5 b4 29. Nd4 $44) 27... a4 28. Qh6 Be5 (28... Nxb2 29. Nf4 $1 (29. Nd4 Bd6 30. Nf5 Bf8 31. Qxf6 Nxd1 32. Qg5+ $10) 29... Be5 (29... Nxd1 30. Nh5 $18) (29... Bxf4 30. gxf4 Qe6 31. Rg1 Kh8 32. f5 Qe7 33. Rd7 Qf8 34. Qxf6+ Qg7 35. Qxc6 $18 (35. Qxg7+ Kxg7 36. e5 $18)) 30. Nh5 f5 31. Rd6 Re6 32. Rxe6 Qxe6 33. Qxe6 fxe6 34. exf5 exf5 35. Bxc6 $14) 29. f4 $2 {Wei� bricht die Br�cken hinter sich ab; dazu gab es m.E. keinen Anla�.} (29. Nd4 {Zumal es eine gefahrlose Alternative gab, mit der Wei� auch seinen Angriff verfolgen konnte.} Bxd4 (29... Nxb2 $4 30. Nf5 $18) 30. Rxd4 Qe6 (30... Nxb2 $2 31. e5 $18) 31. e5 f5 32. Qg5+ Kh8 (32... Qg6 33. Qxg6+ hxg6 34. Bxc6 $18) 33. f4 Rg8 34. Qh4 Nxb2 (34... Rg6 35. Rfd1) 35. Rd6 $40) 29... Bxb2 30. g4 Bxa3 (30... Ne3 31. Ng3 (31. e5 Re6 (31... Nxg2)) 31... Nxf1 (31... Nxd1 32. Nf5 $18) 32. Bxf1 Re6) 31. e5 Bf8 (31... Re6) 32. Qh4 (32. Qxf6 Ne3) 32... Ne3 33. Be4 h6 34. Ng3 Nxd1 35. Nh5 Qd8 $2 (35... Rd8 $142 {Wenn ich nicht irgendetwas Geniales �bersehen habe, konnte Schwarz an dieser Stelle sich verteidigen:} 36. Nxf6+ (36. Qxf6 Qe6) (36. Bf5 Qc7) 36... Kh8 37. g5 (37. Qh5 Qe6 $19) (37. Bf5 Qb7) 37... Qe6 38. gxh6 Be7 $19) 36. Nxf6+ Kh8 37. Qh5 Qxf6 $8 (37... Qc8 38. Qxf7 $18) 38. exf6 Rxe4 (38... Ne3 39. Qxf7 Rxe4 40. g5 Nf5 41. g6 $18) 39. Rxd1 a3 40. Qxf7 a2 41. Ra1 Rea4 42. g5 R4a7 43. Qe6 c5 44. g6 c4 45. g7+ Rxg7 46. fxg7+ Bxg7 47. Qc6 Ra3 48. Qe8+ Kh7 49. Qe7 b4 50. f5 1-0

[Event "New York op 5'"]
[Site "New York"]
[Date "1998.??.??"]
[Round "?"]
[White "Blatny, Pavel"]
[Black "Shaked, Tal"]
[Result "1-0"]
[WhiteElo "2560"]
[BlackElo "2535"]
[PlyCount "62"]
[EventDate "1998.??.??"]
[EventType "swiss (blitz)"]
[EventRounds "9"]
[EventCountry "USA"]
[SourceTitle "EXT 1999"]
[Source "ChessBase"]
[SourceDate "1998.11.16"]
[SourceVersion "1"]
[SourceVersionDate "1998.11.16"]
[SourceQuality "1"]

1. Nf3 c5 2. b3 d5 3. e3 Nf6 4. Bb2 e6 5. g3 Bd6 6. Bg2 O-O 7. O-O Nc6 8. c4 Qe7 $146 ({RR} 8... e5 9. cxd5 Nxd5 10. Nc3 Ndb4 11. d3 Bc7 12. Ne1 Bf5 13. Ne4 Qe7 14. a3 Nd5 15. Rc1 Rad8 16. Nxc5 Bb6 17. b4 Bg6 18. Qb3 Nc7 19. Nxb7 Nb8 20. Nxd8 Rxd8 21. d4 exd4 22. Bxd4 Bxd4 23. exd4 {Zhao,X (2486)-Osmanodja,F (2293) Chess.com INT 2020 1-0 (36)}) ({RR} 8... e5 9. cxd5 Nxd5 10. d4 cxd4 11. exd4 e4 12. Ne5 f5 13. Nxc6 bxc6 14. Nd2 Be6 15. Nc4 Be7 16. f3 exf3 17. Qxf3 Bf6 18. Rae1 Re8 19. Kh1 g6 20. Ne5 Rc8 21. Qd3 Qd6 22. Qa6 Rc7 23. Ba3 {Blanco Diez,D (2274)-Kleimenov,N (2123) chess.com INT 2025 1-0 (38)}) ({RR} 8... d4 9. exd4 cxd4 10. Nxd4 Nxd4 11. Bxd4 Bxg3 12. hxg3 Qxd4 13. Nc3 Rb8 14. Qe2 b6 15. Qe3 Qg4 16. d4 Bb7 17. Rad1 Rfe8 18. Nb5 Bxg2 19. Kxg2 Re7 20. d5 Rbe8 21. d6 Rd7 22. Qe5 Red8 23. Rd4 {Icy45 (2521)-Stabiloboss (2406) Playchess.com INT 2006 1-0 (102)}) 9. Nc3 a6 10. Re1 Rd8 11. cxd5 exd5 12. d4 Bg4 13. h3 Bh5 14. Ne2 cxd4 15. Nexd4 Bg6 16. Nh4 Be5 17. Rc1 Rac8 18. Nxc6 bxc6 19. Bxe5 Qxe5 20. Qd4 Qxd4 21. exd4 Be4 22. Bf1 a5 23. f3 Bg6 24. Re3 Rb8 25. a3 Rdc8 26. Rc5 a4 27. b4 Nd7 28. Rc1 Kf8 29. Kf2 f6 30. Nxg6+ hxg6 31. Rec3 Rb6 1-0

[Event "FIDE-Wch k.o. f 25'"]
[Site "Lausanne"]
[Date "1998.01.09"]
[Round "8.7"]
[White "Karpov, Anatoly"]
[Black "Anand, Viswanathan"]
[Result "1-0"]
[WhiteElo "2735"]
[BlackElo "2770"]
[Annotator "Ftacnik,Lubomir"]
[PlyCount "123"]
[EventDate "1998.01.09"]
[EventType "match (rapid)"]
[EventRounds "2"]
[EventCountry "SUI"]
[SourceTitle "CBM 063"]
[Source "ChessBase"]
[SourceDate "1998.03.26"]
[SourceVersion "1"]
[SourceVersionDate "1998.03.26"]
[SourceQuality "1"]

1. Nf3 {Primel,Dominique Horn,Pe Hecht} d5 2. g3 Nf6 3. Bg2 c6 4. O-O Bg4 ({RR} 4... Bf5) 5. d3 Nbd7 6. Nbd2 e6 ({RR} 6... e5 7. e4 dxe4 8. dxe4 Be7 ({RR} 8... Bc5) 9. h3 Bh5 10. Qe1 O-O 11. Nc4 Qc7 12. a4 Rfe8 13. Nh4 Bf8 14. Bg5 Re6) 7. e4 Be7 8. Qe2 (8. Qe1 {Horn,Pe Das führt in der Regel zu spannungsreicheren Stellungen. Karpov scheint aber in dieser Schnellpartie einen eher ruhigen Start zu bevorzugen.}) ({RR} 8. Qe1 O-O 9. h3 Bh5 10. Nh2 dxe4 11. dxe4 e5) 8... O-O 9. h3 Bh5 ({RR} 9... Bxf3 10. Nxf3 a5 11. a4 Nc5 12. Rd1 Qb6 13. exd5 Nxd5 14. Nd2 Bf6 15. Nc4 Qc7 16. Bd2 b6 17. c3 Nb3 18. Ra3 Nxd2 19. Qxd2 Be7 20. Raa1 b5 21. axb5 cxb5 22. Ne3 Nxe3 23. Qxe3 Rab8 24. d4 {Torosyan,V (2244)-Assylov,M (2304) chess.com INT 2024 1-0 (87)}) 10. Re1 {Auch eher ein Nebenweg.} (10. b3 a5 11. a4 (11. Bb2 a4 12. g4 Bg6 13. e5 Ne8 14. Kh1 Nc7 15. Rab1 axb3 16. axb3 Ra2 17. Ne1 f6 18. Ndf3 f5 19. Ng1 Nb5 20. Qd2 fxg4 21. hxg4 Ba3 22. Ba1 Qh4+ 23. Bh3 h5 24. Ng2 {1-0 Miles,A-Borik,O/Baden Baden 1981 (40)}) 11... b5 12. Bb2 Qb6 13. Rfb1 Rfd8 14. g4 Bg6 15. Ne5 Nxe5 16. Bxe5 dxe4 17. Nxe4 Bxe4 18. dxe4 Nd7 19. Bb2 e5 20. Bf1 Bc5 21. axb5 cxb5 22. Qxb5 Bxf2+ 23. Kg2 {Anikaev,Y-Timman,J/Vilnius 1969/½-½ (57)}) (10. g4 dxe4 (10... Bg6 11. Nh4 dxe4 12. dxe4 $2 (12. Nxg6 $8 hxg6 13. Nxe4 Nxe4 (13... Qc7 14. f4 Nc5 15. Nxc5 Bxc5+ 16. Be3 Qb6 17. Bxc5 Qxc5+ 18. Qf2 Qb5 $11 {Mäser,F-Salazar,H/Zürich/1986 Horn: Der g2 sollte dem f6 grundsätzlich hier überlegen sein. Da aber Schwarz keine Schwächen hat, kann er mit dem Ergebnis der Eröffnung durchaus zufrieden sein.}) 14. Qxe4 e5 15. b4 (15. d4) 15... a5 16. b5 cxb5 17. Qxb7 Rb8 18. Qd5 Qc7 19. a4 b4 20. f4 Qxc2 21. Qxd7 Bc5+ 22. Kh1 Bd4 23. fxe5 Bxa1 24. Bg5 Bxe5 25. Be7 b3 {0-1 Roizman,A-Uhlmann,W/USSR 1966 (29)}) 12... Bxe4 $1 $19 13. Bxe4 Nxe4 14. Nxe4 Bxh4 15. g5 f5 16. Qh5 fxe4 17. Qxh4 Ne5 18. Qxe4 Nf3+ 19. Kg2 Nxg5 {0-1 Degenhardt,H-Barbero,G/Frankfurt 1990 (35)}) 11. dxe4 (11. Nxe4 Bg6) 11... Bg6 12. Rd1 Qc7 (12... e5 13. Nh4 Re8 14. Nf5 Bf8 15. Nc4 Qc7 16. Ng3 b5 17. Ne3 Nc5 18. Nef5 Ne6 19. g5 Nd7 20. h4 Bxf5 21. exf5 Nd4 22. Qg4 Nxc2 23. f6 Re6 24. fxg7 Bxg7 25. Rb1 {Golovin,L-Fominyh,A/RUS-chT 1993/½-½ (52)}) 13. Nh4 Rad8 14. Nxg6 hxg6 15. Nf3 e5 16. b3 Nc5 17. Bb2 Nfd7 18. Ne1 Ne6 19. Nd3 Bg5 20. Qf3 Rfe8 21. Qg3 Bf4 22. Nxf4 exf4 23. Qc3 f6 {0-1 Damljanovic,B-Geller,E/Vrsac 1987 (36)}) 10... dxe4 $146 ({RR} 10... Ne8 11. Nf1 Bxf3 12. Bxf3 Bg5 13. Ne3 d4 14. Nc4 Bxc1 15. Raxc1 b5 16. Nd2 e5 17. Bg2 c5 18. c3 Nd6 19. cxd4 cxd4 20. Rc6 Qe7 21. Rec1 Rfc8 22. Nb3 Nb6 23. f4 f6 24. Bf3 ({RR} 24. f5) 24... Rxc6 25. Rxc6 {Botvinnik,M-Furman,S Leningrad 1963 EXT 2013 [Primel,Dominique] 1-0 (46)}) ({RR} 10... a5 11. a4 Qb6 12. g4 Bg6 13. Nh4 dxe4 14. Nxg6 hxg6 15. Nxe4 Nxe4 16. Bxe4 Nf6 17. Bg2 Rad8 18. c3 c5 19. Bf4 Nd5 20. Be5 Bf6 21. Bg3 g5 22. Be4 Rd7 23. Rab1 Rfd8 24. Ra1 g6 25. Rad1 {Mamedov,R (2660)-Carlsen,M (2802) Moscow 2010 1-0 (40)}) ({RR} 10... a5 11. a4 h6 12. Nf1 dxe4 13. dxe4 Nc5 14. Qc4 Bg6 15. Ne5 Bh7 16. Bf4 Qb6 17. Be3 Qa6 18. Qxa6 Nxa6 19. Bb6 Bd8 20. Nc4 Nb4 21. Re2 Bxb6 22. Nxb6 Rad8 23. Nc4 Ra8 24. Nb6 Ra6 25. Nc4 {Stavast,D (2048)-Lommers,F (2191) Hoogeveen 2010 1-0 (74)}) 11. dxe4 e5 12. b3 (12. a4 Re8 13. Qc4 {Horn: Eine eher ungewöhnliche Methode, die Fesselung aufzuheben. Die Folge demonstriert die weißen Pläne: aktives Spiel am -flügel, wo der h5 nicht mittun kann.} Qc7 14. Nh4 Bf8 15. Nb3 Nb6 16. Qc3 Nfd7 17. a5 Nc8 18. Nf5 Bg6 19. Be3 Nd6 20. Nxd6 Bxd6 21. Red1 Red8 {1-0 Savon,V-Sloth,J/Esbjerg 1980 (31)} (21... Red8 {Horn,Pe} 22. f3 $5 {[%csl Rg6][%cal Yg2f1,Yf1c4]} Nf8 23. Nc5 $14 {Savon,V-Sloth,J/Esbjerg/1980})) 12... Qc7 13. Bb2 Rfe8 (13... Bb4 $6 {Horn,Pe Dieser eher unmotivierte Abtausch kam schon in einer Partie vor.} 14. a3 Bxd2 15. Qxd2 $14) 14. Qf1 {Horn: Fernab der Schablone. Da der d2 nun einige Zeit ein Problemkind ist, übernimmt Weiß mit diesem Zug eine Verpflichtung zu sorgfältigem Spiel. Es wäre interessant zu wissen, wieviel Zeit Karpov für diesen Zug gebraucht hat.} (14. a4 Rad8 $11) (14. Nc4 {Horn,Pe} Bc5) 14... Rad8 {Horn: Die natürliche Antwort: die Besetzung der d-Linie mit einem  kann Weiß wegen der Fesselstellung (noch) nicht nachmachen.} 15. a3 (15. a4 {Horn,Pe Dieser häufig und gern gespielte Zug ist hier schon verdächtig:} Bb4 $5 16. c3 Bf8 {[%csl Rd3][%cal Yd7c5]}) 15... b5 $1 {Horn: Da der d2 sowieso nach c4 einen traurigen Rückzug antreten muß, konnte Schwarz hier auch anders herum spielen; vielleicht wäre es aufs gleiche herausgekommen.} (15... Bf8 {Horn,Pe} 16. Nc4 $140 $6 b5) 16. Bc3 (16. Nh4 {Horn,Pe} Nc5 17. Bc3) 16... Bf8 (16... a5 17. b4 $11) 17. Nh4 Nc5 18. Bf3 Bg6 {Horn: Das kam für mich sehr überraschend: Schwarz gibt freiwillig das -paar her. Eine Rechtfertigung findet diese Entscheidung darin, daß der Druck gegen e5 verflogen ist, und der f3 (zumal bei der Position der f1) noch lange kein rechtes Spiel findet.} (18... Bxf3 19. Nhxf3 a5 $11) 19. Nxg6 hxg6 20. Bg2 {Horn: Der Abtausch des c8 gegen den g1 ist in dieser Eröffnung ein Standardthema: hier hat Weiß durch die Hin- und Herzieherei mit dem  und der  einige Zeit verloren.} a6 {Horn: Einen konkreten Grund für diesen Zug habe ich nicht entdeckt.} (20... Ne6 {Horn,Pe} 21. Nf3 Nd7) 21. Qe2 (21. Rad1 Ne6 22. Bb2 Bc5 $11) (21. Red1 {Horn,Pe}) 21... Ne6 22. Nf3 Nd7 (22... Nd4 $6 23. Nxd4 (23. Bxd4 {Horn,Pe} exd4 24. Qd3 (24. e5 Nd7 25. Nxd4 (25. Qd3 Nxe5 26. Nxe5 Rxe5 27. Rxe5 Qxe5 28. Bxc6 Qc7 $11) (25. b4) 25... Nxe5 $11) 24... c5 25. e5 c4 26. bxc4 bxc4 27. Qd2 Nh7 $13) 23... exd4 24. Bb2 c5 25. f4 $16) 23. a4 {Horn: Sieht sehr kräftig aus; vielleicht wäre es aber besser gewesen, erst noch einen ruhigen Zug einzuschieben.} (23. h4 $14 {Horn,Pe}) 23... b4 24. Bb2 a5 {Horn: Schwarz hat seine weißen Felder (die Diagonale f1-a6) geschwächt. Er muß jetzt schnell aktiv werden, eher der g2 über f1 ins Geschehen eingreift. Dazu ist c5 nebst d4 die gegebene Möglichkeit.} 25. c3 (25. Red1 $15 c5 {[%cal Ye6d4] Horn} 26. Qc4 (26. Rd5 Nd4 27. Nxd4 cxd4 $132 {[%csl Rb2,Rc2]}) 26... Nb6 (26... Nd4 $2 27. Bxd4 exd4 28. Nxd4 $16) 27. Qb5 Nd4 28. Nxd4 cxd4 29. Qxa5 Qxc2 30. Bxd4 exd4 31. Qxb6 Bc5 $44 {[%cal Yd4d3]}) 25... bxc3 26. Bxc3 Rb8 27. Rab1 (27. Qc2 {Horn,Pe} Bb4 28. Re3 Bxc3 29. Rxc3 c5) (27. Red1 $2 {Horn,Pe} Rxb3 28. Qd2 Nec5 29. Bxa5 Qa7 $15) 27... Bb4 28. Rec1 (28. Bxb4 Rxb4 29. Qc2 $14) 28... Bxc3 29. Rxc3 c5 30. Qe3 $6 {Karpov plays without his usual precision, control of the white squares and weak a5,c5 pawns should offer him better chances.} (30. Rd1 Red8 31. Qc2 $14) (30. Rd1 {Horn,Pe}) 30... Qd6 $1 (30... Nd4 $4 {Horn,Pe} 31. Nxd4 exd4 32. Qxd4 $18) 31. h4 {Horn: Hier fängt Karpov an, auf Abwege zu geraten: mit d2 und f1 konnte er das Feld c4 unter Kontrolle nehmen, womit er wohl genügend Gegenspiel bekommen hätte. In den beiden nächsten Zügen ging das immer noch, wenn auch in jeweils (geringfügig) schlechterer Version.} (31. Rd3 Nd4 32. Rbd1 Red8 $14) (31. Bf1 {Horn,Pe} Nd4 32. Nd2 Nb6 33. Rbc1) 31... Nd4 32. Bh3 (32. Nd2 {Horn,Pe} Qe6 33. Bf1) 32... Nb6 33. Rbc1 $6 (33. Nd2 Re7 34. Rbc1 Rc7 $14) (33. Nd2 $11 {Horn,Pe  f1, c4}) 33... c4 $1 {Nun ist guter Rat teuer.} 34. bxc4 Nxa4 35. c5 (35. Rd3 Nc5 36. Rdc3 {sonst kommt b3} Rb2 $15 (36... Rb2 {Horn,Pe Hier beherrscht Schwarz das Brett: es ist kein Wunder, daß Karpov dazu keine Lust hatte.} 37. Bf1 a4 (37... Nxf3+ 38. Qxf3 Qd2 39. Rd1 Qxf2+ 40. Qxf2 Rxf2 41. Rd5 Nxe4 42. Re3 f5 43. Rxe4 Rxf1+ 44. Kxf1 fxe4 45. Rxa5 $11) 38. Rd1 Rd8 39. Ne1 (39. Kh1 a3 40. Rxa3 Nxe4 $19))) 35... Qe7 36. Ra3 (36. Rc4 Rb3 $19) (36. Nxd4 {Horn,Pe} exd4 37. Qxd4 Nxc3 38. Qxc3) 36... Nxc5 37. Rac3 (37. Nxd4 exd4 38. Qxd4 Nb3 $17) 37... Ncb3 38. Rc7 Qf6 (38... Nxc1 39. Rxe7 Nce2+ 40. Kg2 Rxe7 41. Qa3 Ra7 42. Nxe5 a4 $15) (38... Nxf3+ 39. Qxf3 Nxc1 40. Rxe7 Rxe7 41. Qa3 Reb7 42. Qxa5 Rb5 43. Qc7 $11) 39. R1c3 Nxf3+ (39... a4 $1 {Jussupow} 40. Ng5 (40. Bd7 Nxf3+ 41. Qxf3 Qxf3 42. Rxf3 Re7 $19 (42... Re7 {Horn,Pe} 43. Rc8+ Rxc8 44. Bxc8 Ra7 $19 {[%cal Ra4a3,Ra3a2,Ra2a1]})) 40... a3 $19) 40. Qxf3 a4 $2 {Anand have spend lot of time on this move, but it gives up the advantage.} (40... Nd4 $1 41. Qxf6 gxf6 42. R3c5 $15 (42. Bf1 {Horn,Pe} Ne6 $17)) (40... Qxf3 {Horn,Pe} 41. Rxf3) 41. Qxf6 gxf6 42. Bd7 Nd4 (42... Re7 43. Bxa4 Rxc7 44. Rxc7 Nd4) 43. Bxe8 Ne2+ (43... Rxe8 44. R3c4 Ra8 45. Rc8+ $16) 44. Kg2 Nxc3 45. Bxf7+ Kf8 (45... Kg7 $2 46. Bd5+ Kf8 47. Rxc3 $18) 46. Bxg6 Nb5 (46... Rb3 47. h5 $1 a3 48. h6 $18) 47. Rf7+ Kg8 48. Rxf6 Ra8 (48... Kg7 49. Ra6 Nc7 50. Rc6 a3 51. Rxc7+ Kxg6 52. Ra7 $18) 49. h5 $1 a3 (49... Kg7 50. Rf7+ Kh6 51. f4 exf4 52. gxf4 Ra7 53. Rxa7 Nxa7 54. Kf3 a3 55. Bf7 $18) 50. h6 a2 (50... Nc3 51. Bf7+ Kh7 52. Rc6 a2 53. Bxa2 Nxa2 54. Re6 Nc3 55. Rxe5 $16) 51. Bf7+ Kh7 52. Bxa2 {White must have played this move with a great relief, black pawn was quite dangerous.} Rxa2 { Hecht:  Achtung! Schluß einer Schnellpartie (Zeitknappheit). Karpov hätte e5 abholen können mit Remisschluß, da auch h6 fällt. Mit 53.g4 unternimmt er einen Gewinnversuch. Für die taktische Fehlleistung eine Endspielmedaille.} 53. g4 Nc3 (53... Ra8 54. g5 (54. Kg3 Ra1 55. g5 Nd4) 54... Rg8 55. Rf5 Nd6 56. Rxe5 Nf7 57. Re7 Rxg5+) 54. g5 Nxe4 55. Rf7+ Kg6 $2 {Frustrated Anand commits serious mistake, it is understandable that he badly wanted to win.} (55... Kg8 $1 56. g6 Ra8 57. f3 (57. Rg7+ Kf8) (57. Re7 Nf6 $1 58. Rxe5 (58. f3 Nd5) (58. h7+ Kh8 59. Rxe5 Kg7) 58... Ng4 59. Rh5 Nxh6 60. Rxh6 Kg7) (57. h7+ Kh8 58. g7+ Kxh7 59. Rf8 Kxg7 60. Rxa8 $11 {Karpov} (60. Rxa8 {Hecht} Kg6 61. Kf3 Nf6 $11 {Hecht: (Karpov) Anmerkung: Weiß kann noch einen Gewinnversuch unternehmen, indem er den König Richtung d6 in Marsch setzt. Dann wird allerdings der f-Bauer schutzbedürftig.})) 57... Nc5 58. Kg3 Ne6 (58... e4 59. Rc7 Nd3 60. fxe4 Ne5) 59. Kg4 Nf8 60. Kg5 Ra3 61. h7+ Nxh7+ 62. gxh7+ Kh8 63. Kg6 Ra6+ 64. Rf6 Ra8 65. Re6 Rb8 66. Rxe5 Rb6+ 67. Kf7 Rb4 $14) 56. Rg7+ Kf5 57. h7 Rxf2+ (57... Ra8 58. Rg8 $18) (57... Nxf2 58. h8=Q Ne4+ 59. Kh3 $18) 58. Kg1 Kg4 59. h8=Q Kg3 60. Re7 $1 Rg2+ (60... Nd2 61. Qxe5+ $18) 61. Kf1 Nd2+ 62. Ke1 1-0

[Event "Hoogovens Blitz"]
[Site "Wijk aan Zee"]
[Date "1998.01.19"]
[Round "5"]
[White "Gelfand, Boris"]
[Black "Topalov, Veselin"]
[Result "1-0"]
[WhiteElo "2675"]
[BlackElo "2740"]
[PlyCount "55"]
[EventDate "1998.01.19"]
[EventType "tourn (blitz)"]
[EventRounds "11"]
[EventCountry "NED"]
[EventCategory "17"]
[SourceTitle "CBM 062 Extra"]
[Source "ChessBase"]
[SourceDate "1998.03.09"]
[SourceVersion "1"]
[SourceVersionDate "1998.03.09"]
[SourceQuality "1"]

1. e4 {Horn,Peter} e6 2. d3 c5 3. Nf3 Nc6 4. g3 d5 5. Nbd2 g6 6. Bg2 Bg7 7. c3 Nge7 8. h4 h6 9. O-O b6 10. Re1 Ba6 ({RR} 10... Qc7 11. Qe2 ({RR} 11. Nf1) 11... Ba6 12. e5 g5 ({RR} 12... Rd8 13. Nf1 b5 14. d4) 13. hxg5 ({RR} 13. c4 gxh4 14. gxh4 Rg8 ({RR} 14... O-O-O)) 13... hxg5 14. Nxg5 Qxe5 15. Qd1 Qxg5 16. Nc4 Qh5 17. Qa4 Bxc4 18. dxc4 Kf8 19. cxd5 exd5 20. Bf4 Be5 ({RR} 20... Rd8 21. Bc7 Rc8 ({RR} 21... Rd7 22. Rxe7) 22. Bd6 Rh6 23. Bxe7+ Nxe7 24. Qxa7 Re8 25. Rad1 Be5) 21. g4 Qh4 22. Rxe5 Nxe5 23. Bxe5 Rg8 24. f3 Ng6 25. Qc6 {Arizmendi Martinez,J (2510)-Vallejo Pons,F (2635) Ayamonte 2002 CBM 092 [Horn,Peter] 0-1 (40)}) 11. exd5 ({RR} 11. Qc2 Rc8 12. a4 d4 13. c4 Nb4 14. Qb1 Bb7 15. b3 O-O 16. e5 Nf5 17. Ba3 a6 18. Bxb4 cxb4 19. Ne4 Bxe4 20. Rxe4 b5 21. axb5 axb5 22. cxb5 Qb6 23. g4 Ne7 24. Nxd4 Nd5 25. Ra6 Qb8 {Yurtseven,M (2337)-Kappeler,K (2113) chess.com INT 2024 1-0 (43)}) 11... exd5 $146 ({RR} 11... Nxd5 12. Nc4 O-O 13. Nfe5 Nxe5 14. Nxe5 Qc7 15. c4 Bxe5 16. cxd5 exd5 17. Bxh6 Rfe8 18. Qd2 Qd6 19. Re2 Bb5 20. Rae1 Kh7 21. Bh3 Qf6 22. Bg5 Qd6 23. h5 f6 24. hxg6+ Kxg6 25. Bh4 Bd7 26. Bg2 {Titov,G (2490)-Adamski,J (2375) Warsaw 1992 1-0 (36)}) ({RR} 11... Nxd5 12. d4 O-O 13. Qa4 Bb7 14. dxc5 bxc5 15. Ne4 Na5 16. Nxc5 Bc6 17. Qc2 Qe7 18. Nb3 Ba4 19. Nfd2 Qc7 20. Qe4 Bxb3 21. Nxb3 Nc4 22. Nd2 Nd6 23. Qe2 Rab8 24. Ne4 Nxe4 25. Bxe4 a5 26. Bxd5 {Vernacki,S (2308)-Radmanovic,D (1986) Osijek 2012 1-0 (52)}) 12. Qa4 Bb7 13. d4 O-O 14. dxc5 bxc5 15. Nb3 Qb6 16. Be3 d4 17. cxd4 Qb4 18. Nxc5 Qxa4 19. Nxa4 Rab8 20. Nc5 Ba8 21. Nd7 Nf5 22. Nfe5 Nxe5 23. dxe5 Bxg2 24. Kxg2 Rxb2 25. Nxf8 Bxf8 26. Bxa7 Rb7 27. Be3 Bb4 28. Rab1 1-0